000 00554nam a2200217Ia 4500
003 OSt
005 20220928135033.0
006 a|||||r|||| 00| 0
007 ta
008 220927b |||||||| |||| 00| 0 eng d
024 _a496
037 _cTextual
040 _aSDCL
_cSDCL
_beng
041 _2eng
_aeng
082 _aX.2'H, N4
100 _aLal Girija Shankar
_9489265
245 0 _aSaltnat kaleen uttary Bharat ka arthik ittihas
260 _c1994
942 _hX.2'H, N4
_cTEXL
_2CC
999 _c804506
_d804506